Представление документа в формате MARC21

Поле Инд. ПП Название Значение
Тип записи a
Библиографический уровень m
001 Контрольный номер 152d587f-47ce-4d00-94ac-151d2db0cb26
005 Дата корректировки 20140703173657.8
008 Кодируемые данные 081009
020 c Цена, тираж б/ц
040 a Служба первич. каталог. НБ ТвГУ
041 a Код языка текста rus
080 a Индекс УДК 316.334.2(470)(043.3)
084 a Индекс другой классификации/Индекс ББК С561.2я031
090 x Авторский знак А87
a Полочн. индекс С561.2
100 1_ a Автор Архангельская Наталья Олеговна
245 10 a Заглавие Проблема определения типа социально-экономических отношений советского общества 1960-1980-х годов
b Продолж. заглавия автореф. дис. ... канд. филос. наук : 09.00.11
c Ответственность Моск. гос. обл. ун-т, Каф. философии
260 0_ a Место издания Москва
b Издательство Моск. гос. обл. ун-т
c Дата издания 2008
300 a Объем 27 с.
500 a Примечание На правах рукоп.
504 a Библиография Библиогр. в конце кн. и в подстроч. примеч.
583 a Действие Получение впервые 224 08.10.2008
650 a Основная рубрика Экономическая социология
y Хронологическая подрубрика 1960-1980-е гг.
z Географическая подрубрика СССР
653 a Ключевые слова Экономическая социология
a Ключевые слова Социально-экономические отношения
a Ключевые слова Авторефераты
852 t Порядковый номер экземпляра 1
p Инвентарный номер б/н
888 a Бесплатные
930 a Новая/Ретро авторефераты
952 p 224.2008 б/ц 1 б/н
c Вид литературы А/Р н
954 a Дата поступления на обработку 20090401
999 a Подразделение 2 ч.з.